书目信息 |
| 题名: |
甲壳素/壳聚糖在环境保护中的应用研究
|
|
| 作者: | 刘秉涛 , 王海荣 著 | |
| 分册: | ||
| 出版信息: | 北京 中国水利水电出版社 2021.1 |
|
| 页数: | 184页 | |
| 开本: | 24cm | |
| 丛书名: | ||
| 单 册: | ||
| 中图分类: | Q539 , X | |
| 科图分类: | ||
| 主题词: | 甲壳质--应用--环境保护--研究 | |
| 电子资源: | ||
| ISBN: | 978-7-5170-9403-6 | |
| 000 | 01026nam0 2200265 45 | |
| 001 | 012001000763 | |
| 005 | 20130911174423.0 | |
| 010 | @a978-7-5170-9403-6@dCNY60.00 | |
| 100 | @a20210329d2021 em y0chiy50 ea | |
| 101 | 0 | @achi |
| 102 | @aCN@b110000 | |
| 105 | @aa az 000yy | |
| 106 | @ar | |
| 200 | 1 | @a甲壳素/壳聚糖在环境保护中的应用研究@Ajia ke su /ke ju tang zai huan jing bao hu zhong de ying yong yan jiu@b专著@f刘秉涛,王海荣著 |
| 210 | @a北京@c中国水利水电出版社@d2021.1 | |
| 215 | @a184页@c图@d24cm | |
| 320 | @a有书目 (第178-184页) | |
| 330 | @a本书综述了近期中文、外文的有关甲壳素、壳聚糖在环境保护方面的研究,重点论述了甲壳素、壳聚糖的物化性质、化学改性方法,在水处理、土壤修复技术、抗菌等方面的应用研究现状,以及甲壳素、壳聚糖清洁生产技术,几个环境保护方面的应用示例等。 | |
| 606 | 0 | @a甲壳质@x应用@x环境保护@x研究 |
| 690 | @aQ539@v5 | |
| 690 | @aX@v5 | |
| 701 | 0 | @a刘秉涛@Aliu bing tao@4著 |
| 701 | 0 | @a王海荣@Awang hai rong@4著 |
| 801 | 0 | @aCN@bBJSDL@c20211011 |
| 905 | @b1335840-3@dQ539@e329@f4 | |
| 甲壳素/壳聚糖在环境保护中的应用研究/刘秉涛,王海荣著.-北京:中国水利水电出版社,2021.1 |
| 184页:图;24cm |
| ISBN 978-7-5170-9403-6:CNY60.00 |
| 本书综述了近期中文、外文的有关甲壳素、壳聚糖在环境保护方面的研究,重点论述了甲壳素、壳聚糖的物化性质、化学改性方法,在水处理、土壤修复技术、抗菌等方面的应用研究现状,以及甲壳素、壳聚糖清洁生产技术,几个环境保护方面的应用示例等。 |
| ● |
| 相关链接 |
|
|
|
|
正题名:甲壳素/壳聚糖在环境保护中的应用研究
索取号:Q539/329
 
预约/预借
| 序号 | 登录号 | 条形码 | 馆藏地/架位号 | 状态 | 备注 |
| 1 | 1335840 | 213358409 | 第二样本阅览室/ [索取号:Q539/329] | 在馆 | |
| 2 | 1335841 | 213358418 | 第三借阅区/ [索取号:Q539/329] | 在馆 | |
| 3 | 1335842 | 213358427 | 第三借阅区/ [索取号:Q539/329] | 在馆 | |
| 4 | 1335843 | 213358436 | 第三借阅区/ [索取号:Q539/329] | 在馆 |